000 02037cam a22004694i 4500
003 PE-LiUPU
005 20250731172911.0
008 150617s1981 miu rb 000 0 eng d
020 _a0310431018
035 _a(Sirsi) i9780310431015
040 _aPE-LiUPU
_bspa
_cPE-LiUPU
_erda
049 _aPRUA
082 0 4 _a266.001
_bP47
_221
100 1 _aPeters, George W.,
_eautor.
245 1 2 _aA theology of church growth /
_cGeorge W. Peters.
264 1 _aMichigan :
_bZondervan Publishing House,
_c1981.
300 _a282 páginas ;
_c20 centímetros
336 _atext
_2rdacontent
337 _aunmediated
_2rdamedia
338 _avolume
_2rdacarrier
504 _aIncluye bibliografía.
505 0 _aChurch growth-source,leitmotif, meaning -- The church in the theological perspective -- The church as the church of God -- Church growth as the work of God -- Church growth and the primary means of God -- Church growth and the messaje of God -- Church growth and the servant of God -- Four pillars introduced -- Pillar one-The fitness of the church -- Pillar two-The form of the chuch -- Pillar three-The function of the church -- The inward function of church -- The outwart function of the church -- Pillar four-The focus of the church -- Toward a theology of church growth.
526 _aSEG42
526 _aSEG41
526 _aSEG40
526 _aSEG39
526 _aP94
526 _aP87
526 _aP86
526 _aP85
526 _aP77
526 _aP76
526 _aP35
650 1 4 _aCrecimiento de iglesia.
910 _ajck
_bjvq
_cjck
_d20150616
942 _2ddc
_cBOOK
949 _a266.001 P47
_wDEWEY
_c1
_i21318
_lCCODEBUL1
_mBUL
_r0
_sY
_tBOOK
_u2015-6-17
_xTEOLOGIA
_PP35
_0COMPRA
_o.STAFF. Colección General
994 _aC0
_bPEPRU
596 _a1
999 _a266.001 P47
_wDEWEY
_c16422
_i21318
_d16422
_f2021-11-10
_g5
_lCCODEBUL1
_mBUL
_p10.00
_q2
_r0
_sY
_tBOOK
_u2015-6-17
_xTEOLOGIA
_PP35
_0COMPRA
_o.STAFF. Colección Teología
980 _81
_gALBERTO SANCHEZ Responsable de Automatización